Managing performance through training & development / (Record no. 626)
[ view plain ]
| 000 -LEADER | |
|---|---|
| fixed length control field | 01164cam a2200325 a 4500 |
| 003 - CONTROL NUMBER IDENTIFIER | |
| control field | CaOONL |
| 005 - DATE AND TIME OF LATEST TRANSACTION | |
| control field | 20210616072522.0 |
| 008 - FIXED-LENGTH DATA ELEMENTS--GENERAL INFORMATION | |
| fixed length control field | 991115s2000 onc b 001 0 eng d |
| 020 ## - INTERNATIONAL STANDARD BOOK NUMBER | |
| International Standard Book Number | 0176166483 |
| 040 ## - CATALOGING SOURCE | |
| Transcribing agency | CaOTU |
| 050 ## - LIBRARY OF CONGRESS CALL NUMBER | |
| Classification number | HF5549.5.T7 |
| Item number | .B45 2000 |
| 090 ## - LOCALLY ASSIGNED LC-TYPE CALL NUMBER (OCLC); LOCAL CALL NUMBER (RLIN) | |
| Classification number (OCLC) (R) ; Classification number, CALL (RLIN) (NR) | HF5549.5.T7 B45 2000 |
| 090 ## - LOCALLY ASSIGNED LC-TYPE CALL NUMBER (OCLC); LOCAL CALL NUMBER (RLIN) | |
| Classification number (OCLC) (R) ; Classification number, CALL (RLIN) (NR) | HF5549.5.T7 B45 2000 |
| 100 1# - MAIN ENTRY--PERSONAL NAME | |
| Personal name | Belcourt, Monica Laura, |
| Dates associated with a name | 1946- |
| 245 10 - TITLE STATEMENT | |
| Title | Managing performance through training & development / |
| Statement of responsibility, etc. | Monica Belcourt, Phil[l]ip C. Wright, Alan M. Saks. |
| 250 ## - EDITION STATEMENT | |
| Edition statement | 2nd ed. |
| 260 ## - PUBLICATION, DISTRIBUTION, ETC. | |
| Place of publication, distribution, etc. | Scarborough, Ont. : |
| Name of publisher, distributor, etc. | Nelson Thomson Learning, |
| Date of publication, distribution, etc. | c2000. |
| 300 ## - PHYSICAL DESCRIPTION | |
| Extent | xviii, 372 p. ; |
| Dimensions | 26 cm. |
| 440 #0 - SERIES STATEMENT/ADDED ENTRY--TITLE | |
| Title | Nelson Canada series in human resources management. |
| 504 ## - BIBLIOGRAPHY, ETC. NOTE | |
| Bibliography, etc. note | Includes bibliographical references and index. |
| 650 #0 - SUBJECT ADDED ENTRY--TOPICAL TERM | |
| Topical term or geographic name entry element | Employees |
| General subdivision | Training of. |
| 650 #6 - SUBJECT ADDED ENTRY--TOPICAL TERM | |
| Topical term or geographic name entry element | Personnel |
| General subdivision | Formation. |
| 700 1# - ADDED ENTRY--PERSONAL NAME | |
| Personal name | Saks, Alan M. |
| Fuller form of name | (Alan Michael), |
| Dates associated with a name | 1960- |
| 700 1# - ADDED ENTRY--PERSONAL NAME | |
| Personal name | Wright, Phillip Charles. |
| 942 ## - ADDED ENTRY ELEMENTS (KOHA) | |
| Source of classification or shelving scheme | |
| Koha item type | Book |
| Suppress in OPAC | DO |
| 945 ## - LOCAL PROCESSING INFORMATION (OCLC) | |
| a | HF5549.5.T7 B45 2000 |
| i | 30020003458868 |
| l | 010101 |
| t | 00 |
| y | ABI-5209 |
| Withdrawn status | Lost status | Source of classification or shelving scheme | Damaged status | Not for loan | Permanent Location | Current Location | Shelving location | Date acquired | Total Checkouts | Full call number | Barcode | Date last seen | Price effective from | Koha item type | Public note | Copy number |
|---|---|---|---|---|---|---|---|---|---|---|---|---|---|---|---|---|
| AU LIBRARY | AU LIBRARY | Open Shelf | 16.06.2021 | HF5549.5.T7 .B45 2000 | 28001144 | 16.06.2021 | 16.06.2021 | Book | DO | |||||||
| AU LIBRARY | AU LIBRARY | Open Shelf | 16.06.2021 | HF5549.5. T7 .B45 2000 C2 | 28002723 | 16.06.2021 | 16.06.2021 | Book | DO | 2 |